000 00457nam a2200169Ia 4500
005 20240606061448.0
008 240331s9999 xx 000 0 und d
082 _bBAS
_a352
100 _aBastiampillai, B
245 0 _aDevolution in a multi-ethnic society :
_bethnic harmony programme
260 _aColombo
_bMARGA INSTITUTE
_c1995
300 _a66 p.,
650 _aDevolution
650 _aMulti -Ethnic Society
700 _aWanasingha,S
942 _cL
999 _c2869
_d2869